000 00424nam a22001697a 4500
999 _c385
_d385
005 20210907150433.0
008 160430b xxu||||| |||| 00| 0 eng d
020 _a81-259-1442-0
041 _aeng
082 _b1055
100 _aSingh Sukhpal
_9332
245 _aRural Marketing Focus an Agriculture input
260 _bVikas Publishing house Pvt. Ltd.
_c2004
300 _a135
650 _aManagement
_9241
942 _cBK